000 00507nam a2200181Ia 4500
001 19542
005 20260306172701.0
008 260306t2007||||xx |||||||||||||| ||spa||
041 _aESP
082 _a340.4
_bC75
100 _aConvención Latinoamericana de Derecho
_eAUT
245 0 _aJusticia constitucional, derecho supranacional e integración en el derecho latinoamericano
260 _c2007
300 _a650 páginas :
_c24 cm.
650 _aGEN
654 _aCDE
942 _cLIB
_dJUS
_fJUS
_2ddc
_n
999 _c19542
_d19542